00374nam a2200133Ia 4500008004100000041000800041082001400049100003000063245006400093250000800157260004700165300000600212650002200218230711s9999||||xx |||||||||||||| ||und|| aENG a624bBU-I aBureau of Indian Standard 0aSI : 1346 1991bCode of practice for waterproofing of roofs a3rd c1991aNew DelhibBureau of Indian Standard a7 aCivil Engineering